| 000 | 00645nam a2200217 a 4500 | ||
|---|---|---|---|
| 005 | 20230914063555.0 | ||
| 008 | 060512s2002 mx r 000 0 spa d | ||
| 020 | _a9709286501 | ||
| 035 | _aUPN01000144436 | ||
| 049 | _aCG | ||
| 050 | 4 |
_aPQ7298.1 R4 _bC8.2 |
|
| 100 | 1 |
_aArenaza Madera, Manuel, _d1951- |
|
| 245 | 1 | 0 |
_aCuando sea grande / _cManuel Arenaza Madera. |
| 260 |
_aMéxico : _bCANIEM, _c2002. |
||
| 300 | _a205 p. | ||
| 500 | _a"Defensa de una cultura del México mágico" | ||
| 600 | 1 | 4 |
_aARENAZA MADERA, MANUEL, _d1951- |
| 650 | 4 |
_aEnsayos mexicanos _97886 |
|
| 650 | 4 |
_aAUTORES MEXICANOS - _vBIOGRAFIA _94062 |
|
| 905 | _aLibro | ||
| 999 |
_c116583 _d116583 |
||